000 00733nam a2200205 a 4500
999 _c12616
_d12616
001 12616
003 BD-JhCC
005 20221017100410.0
008 221017s20142021bg |||| |||| 000 0 ban d
035 _a(BD-JhCC)12616
040 _aBD-JhCC
_dBD-JhCC
041 _aBangla
082 _a891.4435
_bUDD 2021
100 _aউদ্দিন, মোহাম্মদ নাজিম
245 _a১৯৫২ নিছক কোনো সংখ্যা নয় /
_cমোহাম্মদ নাজিম উদ্দিন
260 _aঢাকা :
_bবাতিঘর প্রকাশনী,
_c২০২১।
300 _a৪১৫ পৃ. :
_c২২ সেমি.
650 _a Detective Stories
942 _2ddc
_cBK